| 000 | 00475nam a2200157 i 4500 | ||
|---|---|---|---|
| 001 | 87478 | ||
| 003 | ES-MaACL | ||
| 005 | 20230906175658.0 | ||
| 007 | t| | ||
| 008 | 041222s1929 xxu ||||1| eng d | ||
| 100 | 1 |
_aKretschmer, Herman L. _968818 |
|
| 245 | 1 | 0 |
_aSupernumerary kidney _b: report of a case with review of the literature / _cHerman L. Kretschmer. |
| 260 |
_aChicago : _b[s.n., _c1929] ( _fDonneblet) |
||
| 300 |
_a14 p. ; _c27 cm. |
||
| 852 |
_aES-MaACL _j1743-F-9 |
||
| 999 |
_c87478 _d87478 |
||